El Dublín de James Joyce / direcció Juan Insúa
ISBN:
84-233-2530-X
Descripción Física:
261 p. : fot. b/n ; 24x33 cm
Colección:
Les ciutats i els seus escriptors
Otros Autores:
Insua, Juan
MARC
| LEADER | 00000nam a2200000Ia 4500 | ||
|---|---|---|---|
| 001 | 17134 | ||
| 008 | 160829s9999 xx 000 0 cat d | ||
| 020 | |a 84-233-2530-X | ||
| 080 | |a FOL-2-100 | ||
| 245 | |a El Dublín de James Joyce / direcció Juan Insúa | ||
| 260 | |a Barcelona : |b Centre de Cultura Contemporània de Barcelona : |b Destino, DL 1995 | ||
| 300 | |a 261 p. : |b fot. b/n ; |c 24x33 cm | ||
| 490 | |a Les ciutats i els seus escriptors | ||
| 590 | |a Catàleg de l'exposició. | ||
| 590 | |a Text en català, castellà i anglès | ||
| 650 | |a Joyce, James |9 26948 | ||
| 650 | |a Joyce, James |x Exposicions |9 26949 | ||
| 650 | |a Dublín (Irlanda) |x Descripció I |9 26950 | ||
| 650 | |a Dublín (Irlanda) |x Exposicions |9 26951 | ||
| 650 | |a Exposicions |x Catàlegs |9 26944 | ||
| 700 | 1 | |a Insua, Juan |9 35339 | |
| 710 | 2 | |a Centre de Cultura Contemporània de Barcelona |9 52510 | |
| 710 | 1 | |a Barcelona (Catalunya : Província). |b Diputació |9 52408 | |
| 901 | |a Arxiu | ||
| 942 | |n 1 | ||
| 952 | |0 0 |1 0 |4 0 |6 FOL2100 |7 1 |9 44218 |a Arxiu |b Arxiu |d 2016-12-01 |l 0 |o FOL-2-100 |p 17134 |r 2016-12-01 00:00:00 |w 2016-12-01 |y ARXIU | ||
| 999 | |c 46798 |d 46798 | ||